000 00578nam a22001937a 4500
999 _c4697
_d4697
003 AR-CdUCM
008 190311b ||||| |||| 00| 0 spa d
040 _aMUNICIPALIDAD PROVINCIAL DEL CUSCO
_cBIBLIOTECA MUNICIPAL DEL CUSCO
082 _a869.58 /
_bR84
100 _aRose, Juan Gonzalo
_914589
245 _aCantos desde lejos /
260 _aLima :
_bTalleres gráficos Villanueva,
_c1957.
300 _a72 páginas ;
_c21.5 cm.
500 _aDonación familia Nieto.
650 _aPoesías peruanas
_91481
650 _aSiglo XX
_98
942 _2ddc
_cLIBROS
945 _aafb